| 000 | 03949 a2200169 4500 | ||
|---|---|---|---|
| 003 | OSt | ||
| 005 | 20260206135443.0 | ||
| 008 | 260206b |||||||| |||| 00| 0 eng d | ||
| 020 | _a9788194867425 | ||
| 100 |
_aसिन्हा -रावल मा. _9216654 |
||
| 245 | _a महिला क्रांतिकारकांच्या कथा | ||
| 260 |
_bभारतीय विचार साधना प्रकाशन _c2020 _aपुणे |
||
| 300 | _a80pp. | ||
| 500 | _aसुनीती चौधरी (१४ वर्षांची क्रांतिकारक): अवघ्या १४ व्या वर्षी ब्रिटीश दंडाधिकार्यास गोळ्या घालून तिने ऐतिहासिक कामगिरी केली. खुनाच्या आरोपाखाली तिला सात वर्षे तुरुंगवास भोगावा लागला, त्यानंतर तिने डॉक्टर म्हणून सेवा केली [६]. प्रीतिलता वड्डेदार (क्रांतिकारक शहीद): सूर्य सेन यांच्या मार्गदर्शनाखाली चितगाव शस्त्रागार उठावात भाग घेतला. पोलीस वेढ्यात सापडल्यावर त्यांनी इंग्रजांच्या हाती न लागता आत्महत्या (सायनाइड प्राशन) करणे पसंत केले . बीना दास (दीक्षांत समारंभात गोळीबार): कोलकत्ता विद्यापीठाच्या दीक्षांत समारंभात पदवी घेताना ब्रिटीश गव्हर्नर स्टॅन्ली जॅक्सनवर गोळ्या झाडल्या. त्यांना नऊ वर्षे सश्रम कारावास झाला मादाम भिकाजी कामा (परदेशातील क्रांती): जर्मनीतील स्टटगार्ट येथे १९०७ मध्ये परदेशात पहिल्यांदा भारतीय राष्ट्रध्वज फडकवून त्यांनी ब्रिटीश सत्तेला थेट आव्हान दिले [३, ११]. शांती घोष (बलिदान): सुनिती चौधरी यांच्यासोबत क्रांतिकारक कारवायांमध्ये सहभाग घेत, इंग्रज अधिकाऱ्याला धडा शिकवण्यासाठी धाडसी पाऊल उचलले | ||
| 520 | _aभारतीय स्वातंत्र्यलढ्यात महिलांचे योगदान अतुलनीय असून त्यांनी सशस्त्र उठाव, गुप्तहेरी आणि आंदोलनांद्वारे ब्रिटीशांना सळो की पळो करून सोडले. झाशीची राणी लक्ष्मीबाई, कित्तूरची राणी चेन्नम्मा, प्रीतिलता वड्डेदार, कल्पना दत्त, सुनीती चौधरी, आणि बीना दास यांसारख्या अनेक वीरांगनांनी आपल्या पराक्रमाने आणि बलिदानाने इतिहासात सुवर्णाक्षरांनी नावे कोरली आहेत | ||
| 942 |
_cBK _2ddc |
||
| 999 |
_c370196 _d370196 |
||